[Event "HUN-chT2 9900"]
[Site "?"]
[Date "2000.02.27"]
[Round "8"]
[White "Szeberenyi Adam"]
[Black "Szuhai Balazs"]
[Result "1/2-1/2"]
[WhiteElo "2357"]
[BlackElo "2160"]
[PlyCount "48"]
[EventDate "2000.??.??"]
[Source "www.chesslib.no"]
[SourceDate "2004.05.04"]

1. d4 d5 2. c4 Nf6 3. cxd5 Nxd5 4. e4 Nf6 5. Nc3 c6 6. h3 e6 7. Nf3 Qa5 8. Bd2 Qd8 9. Bg5 Qb6 10. Qd2 h6 11. Be3 Bb4 12. Bd3 Qd8 13. O-O Nbd7 14. a3 Be7 15. d5 exd5 16. exd5 Nxd5 17. Nxd5 cxd5 18. Rfe1 O-O 19. Bxh6 Nc5 20. Bc2 Ne4 21. Bxe4 dxe4 22. Rxe4 gxh6 23. Qxh6 Qd6 24. Qh5 Bf6 1/2-1/2

[Event "HUN-chT3"]
[Site "Hungary"]
[Date "1997.??.??"]
[Round "?"]
[White "Czegledi, Zsolt"]
[Black "Cseh, Andor"]
[Result "1-0"]
[WhiteElo "2215"]
[BlackElo "2275"]
[PlyCount "139"]
[EventDate "1997.??.??"]
[Source "www.chesslib.no"]
[SourceDate "2004.05.04"]

1. d4 d5 2. c4 Nf6 3. cxd5 Nxd5 4. e4 Nf6 5. Nc3 e6 6. Bg5 Be7 7. Nf3 c6 8. Be2 Nd5 9. Bxe7 Nxe7 10. O-O O-O 11. Qc2 Nd7 12. Rfd1 Ng6 13. e5 Nb6 14. Bd3 Nd5 15. Be4 b6 16. Rac1 Bb7 17. a3 Qe7 18. Nxd5 exd5 19. Bf5 Rfe8 20. Rd3 Nf8 21. Rc3 g6 22. Bh3 Ne6 23. Qd2 Kg7 24. b4 Rad8 25. Bg4 a6 26. h4 h6 27. g3 Nc7 28. h5 Nb5 29. Re3 g5 30. Nh2 Nc7 31. Bf5 Ne6 32. Ng4 c5 33. Bxe6 cxd4 34. Qxd4 Qxe6 35. Rf3 Rc8 36. Rxc8 Rxc8 37. Rf6 Rc4 38. Rxe6 Rxd4 39. Rxb6 Rxg4 40. Rxb7 Re4 41. Ra7 Rxe5 42. Rxa6 d4 43. Kf1 Re8 44. a4 Re4 45. Rd6 d3 46. Rxd3 Rxb4 47. Ra3 Rb6 48. a5 Ra6 49. g4 f5 50. f3 Kf6 51. Ke2 Ke6 52. Kd3 Kd5 53. gxf5 Ke5 54. Kc4 Kf4 55. f6 Rxf6 56. a6 Rf8 57. a7 Ra8 58. Kd5 g4 59. fxg4 Kxg4 60. Kc6 Kxh5 61. Kb7 Rf8 62. a8=Q Rxa8 63. Rxa8 Kg4 64. Kc6 h5 65. Kd5 h4 66. Ke4 Kg3 67. Ke3 h3 68. Rg8+ Kh2 69. Kf2 Kh1 70. Kg3 1-0

[Event "Copa de V"]
[Site "Mestres Copa de V"]
[Date "1996.??.??"]
[Round "?"]
[White "Gonzalez, Alberto"]
[Black "Suarez, Roberto"]
[Result "1-0"]
[WhiteElo "2200"]
[BlackElo "2285"]
[PlyCount "35"]
[EventDate "1996.??.??"]
[Source "www.chesslib.no"]
[SourceDate "2004.05.04"]

1. d4 d5 2. c4 Nf6 3. cxd5 Nxd5 4. Nf3 g6 5. e4 Nb6 6. h3 Bg7 7. Nc3 O-O 8. Be2 Nc6 9. Be3 e5 10. d5 Ne7 11. O-O Nd7 12. Qb3 a6 13. Rfd1 b5 14. a4 bxa4 15. Rxa4 Rb8 16. Qa2 Nb6 17. Ra5 Ra8 18. Bc5 1-0

[Event "Sitges Open"]
[Site "Sitges"]
[Date "1994.??.??"]
[Round "1"]
[White "Hermiz, A."]
[Black "Rafols Albet, Josep"]
[Result "1-0"]
[WhiteElo "2380"]
[BlackElo "2080"]
[PlyCount "115"]
[EventDate "1994.??.??"]
[Source "www.chesslib.no"]
[SourceDate "2004.05.04"]

1. d4 d5 2. c4 Nf6 3. cxd5 Nxd5 4. e4 Nf6 5. Nc3 e6 6. Nf3 Be7 7. Bd3 O-O 8. O-O Nc6 9. Be3 a6 10. Qe2 Nb4 11. Bb1 Ng4 12. Bc1 c5 13. dxc5 Bxc5 14. e5 f5 15. h3 Nh6 16. Rd1 Qc7 17. a3 Nc6 18. Bxh6 gxh6 19. Ba2 Qg7 20. b4 Be7 21. Nd4 Nd8 22. Rd3 f4 23. Rad1 Kh8 24. f3 a5 25. Ndb5 axb4 26. axb4 Nc6 27. Nc7 Rxa2 28. Nxa2 Nxe5 29. Rc3 Bd8 30. Rdc1 Bd7 31. b5 Rg8 32. Kh1 Bf6 33. R3c2 Qg3 34. Nc3 Qh4 35. Ne4 Nf7 36. Rd1 Bc8 37. b6 Be7 38. Nb5 e5 39. Rxc8 Rxc8 40. Ned6 Nxd6 41. Nxd6 Rc6 42. Nxb7 Qf6 43. Na5 Rxb6 44. Nc4 Rb5 45. Nd6 Ra5 46. Ne4 Qc6 47. Qb2 Rb5 48. Qa2 Kg7 49. Qa7 Rb7 50. Qa2 Rb5 51. Kh2 Kf8 52. Rd3 Rb8 53. Rc3 Qb6 54. Qd5 Qd4 55. Qe6 Rb6 56. Qf5+ Kg8 57. Rc7 Qd8 58. Rc8 1-0

[Event "Open, Coria del Rio ESP"]
[Site "?"]
[Date "2001.??.??"]
[Round "5"]
[White "Molina, Jo"]
[Black "Montiel, P."]
[Result "1-0"]
[WhiteElo "2195"]
[BlackElo "2265"]
[PlyCount "21"]
[EventDate "2001.??.??"]
[Source "www.chesslib.no"]
[SourceDate "2004.05.04"]

1. d4 d5 2. c4 Nf6 3. cxd5 Nxd5 4. Nf3 Bg4 5. Ne5 Be6 6. e4 Nf6 7. d5 Bd7 8. Qb3 Qc8 9. Nc3 e6 10. Nxd7 Qxd7 11. Qxb7 1-0

[Event "BL 0001 (Women)"]
[Site "Germany"]
[Date "2000.??.??"]
[Round "1.1"]
[White "Litinskaya, Marta I"]
[Black "Espig, Gesine"]
[Result "1-0"]
[WhiteElo "2359"]
[BlackElo "2093"]
[PlyCount "65"]
[EventDate "2000.10.??"]
[Source "ChessBase"]
[SourceDate "2001.07.03"]

1. d4 d5 2. c4 Nf6 3. cxd5 Nxd5 4. e4 Nf6 5. Nc3 e6 6. Nf3 Be7 7. Bd3 a6 8. O-O b5 9. e5 Nd5 10. Ne4 Nd7 11. a3 c5 12. dxc5 Bxc5 13. Bg5 Qb6 14. b4 Bf8 15. Qe2 Qb8 16. Qb2 h6 17. Bd2 Be7 18. Rac1 O-O 19. Rfe1 Bb7 20. Ng3 Rc8 21. Qd4 Rxc1 22. Bxc1 Qf8 23. h4 g6 24. h5 g5 25. Nh2 N7b6 26. Ng4 Qg7 27. Ne4 Rd8 28. Bb1 Nc4 29. Rd1 a5 30. Nef6+ Kf8 31. bxa5 Nxa5 32. Be4 Nc6 33. Qb2 1-0

[Event "Omis"]
[Site "?"]
[Date "2005.10.11"]
[Round "3.14"]
[White "Armanda Ivica"]
[Black "Bradaric Ratomir"]
[Result "1-0"]
[WhiteElo "2343"]
[BlackElo "2109"]
[PlyCount "69"]
[EventDate "2005.??.??"]
[Source "www.chesslib.no"]
[SourceDate "2004.05.04"]

1. d4 d5 2. c4 Nf6 3. cxd5 Nxd5 4. e4 Nf6 5. e5 Nd5 6. Nf3 Bg4 7. Be2 e6 8. O-O c6 9. Nc3 Nxc3 10. bxc3 Be7 11. h3 Bh5 12. a4 Nd7 13. Nd2 Bg6 14. Bf3 O-O 15. a5 Qc7 16. Nc4 f6 17. a6 b6 18. Bf4 fxe5 19. Bxe5 Nxe5 20. Nxe5 Be8 21. Qb3 Bd6 22. Qxe6+ Kh8 23. Rfe1 Bf7 24. Qg4 Bd5 25. Bxd5 cxd5 26. Rac1 Rf6 27. c4 dxc4 28. Rxc4 Qd8 29. Rec1 Qe7 30. Rc8+ Rxc8 31. Rxc8+ Rf8 32. Rxf8+ Qxf8 33. Qd7 Qf4 34. Qc8+ Bf8 35. g3 1-0

[Event "SLO Team Ch"]
[Site "Slovenia"]
[Date "1995.??.??"]
[Round "6"]
[White "Jelen, Iztok"]
[Black "Vodopivec, Vladimir"]
[Result "1-0"]
[WhiteElo "2420"]
[BlackElo "2010"]
[PlyCount "53"]
[EventDate "1995.??.??"]
[Source "www.chesslib.no"]
[SourceDate "2004.05.04"]

1. d4 d5 2. c4 Nf6 3. cxd5 Qxd5 4. Nc3 Qa5 5. Bd2 c6 6. Nf3 Qc7 7. e4 Bg4 8. h3 Bxf3 9. Qxf3 e6 10. Bd3 Be7 11. O-O Nbd7 12. e5 Nd5 13. Qg4 Bf8 14. Ne4 Nxe5 15. dxe5 Qxe5 16. Bc3 Nxc3 17. Nxc3 Bd6 18. g3 Be7 19. Rfe1 Qf6 20. h4 O-O-O 21. Rad1 Rd4 22. Ne4 Qh6 23. Qf3 Rf8 24. Ng5 g6 25. Ba6 Rd5 26. Rxd5 cxd5 27. Rc1+ 1-0

[Event "VII Parsvnath Open"]
[Site "Nuova Delhi IND"]
[Date "2009.01.11"]
[Round "1"]
[White "Safin, S."]
[Black "Rauniyar, R."]
[Result "1-0"]
[WhiteElo "2518"]
[BlackElo "1910"]
[PlyCount "66"]
[EventDate "2009.01.11"]
[Source "www.chesslib.no"]
[SourceDate "2004.05.04"]

1. d4 d5 2. c4 Nf6 3. cxd5 Nxd5 4. e4 Nf6 5. Nc3 e6 6. Nf3 Be7 7. Bd3 O-O 8. O-O Nbd7 9. Qc2 h6 10. Qe2 b6 11. e5 Nd5 12. Nxd5 exd5 13. e6 Nf6 14. exf7+ Rxf7 15. Ne5 Bd6 16. Nxf7 Kxf7 17. f3 Bd7 18. Be3 Nh5 19. Qf2 Nf4 20. Bxf4 Bxf4 21. Rfe1 Qf6 22. b4 Bd6 23. b5 Bb4 24. Rec1 Re8 25. Rxc7 Re7 26. Rcc1 Qf4 27. g3 Qd2 28. Qxd2 Bxd2 29. Rd1 Bc3 30. Rac1 Bxd4+ 31. Kg2 Bc5 32. a4 Re3 33. Rc2 Be6 1-0

[Event "Kastel Stari op"]
[Site "Kastel Stari"]
[Date "1997.??.??"]
[Round "6"]
[White "Belamaric, Tanja"]
[Black "Bradaric, Ratomir"]
[Result "1-0"]
[WhiteElo "2215"]
[BlackElo "2210"]
[PlyCount "97"]
[EventDate "1997.04.11"]
[Source "ChessBase"]

1. d4 d5 2. c4 Nf6 3. cxd5 Nxd5 4. e4 Nf6 5. Nc3 e6 6. Be3 Be7 7. Nf3 a6 8. Bd3 Nbd7 9. h3 b6 10. O-O Bb7 11. Qe2 O-O 12. Rad1 Qc8 13. Bg5 Qe8 14. Bf4 Qc8 15. Bb1 Re8 16. a3 Nf8 17. Bh2 Ng6 18. Rfe1 b5 19. Qc2 c6 20. Qd2 Qd8 21. Qe2 Rc8 22. e5 Nd7 23. Ne4 Nb6 24. h4 Nd5 25. Nfg5 Bxg5 26. Nxg5 h6 27. Ne4 Rc7 28. Nd6 Ree7 29. h5 Nf8 30. Rc1 Ba8 31. Bg3 Red7 32. Qg4 f5 33. Qh4 Qxh4 34. Bxh4 Nf4 35. f3 Nxh5 36. g4 fxg4 37. fxg4 Nf4 38. Bg3 Nh3+ 39. Kh2 Ng5 40. Rf1 Nf7 41. Rf2 Nxd6 42. exd6 Rc8 43. Be4 Nh7 44. d5 exd5 45. Bxd5+ Kh8 46. Be6 Rcd8 47. Bxd7 Rxd7 48. Re1 Rd8 49. d7 1-0

[Event "Independence Cup op"]
[Site "Kiev"]
[Date "1998.??.??"]
[Round "1"]
[White "Nogin, Nikolai"]
[Black "Bezuglaya, Lesia"]
[Result "1-0"]
[WhiteElo "2320"]
[BlackElo "2105"]
[PlyCount "93"]
[EventDate "1998.??.??"]
[Source "www.chesslib.no"]
[SourceDate "2004.05.04"]

1. d4 d5 2. c4 Nf6 3. cxd5 Nxd5 4. e4 Nb6 5. Nc3 e6 6. Nf3 c6 7. Bd3 N8d7 8. O-O Be7 9. Qe2 Nf6 10. Rd1 Bd7 11. Bg5 h6 12. Bh4 g5 13. Bg3 Nh5 14. Be5 f6 15. Ne1 Ng7 16. Bg3 O-O 17. Bc2 Qe8 18. h3 Kh8 19. Nd3 Nc8 20. f4 Qh5 21. Nc5 Bxc5 22. dxc5 gxf4 23. Bxf4 Qxc5+ 24. Kh1 Nh5 25. Bh2 Be8 26. e5 f5 27. Rd8 Qe7 28. Rad1 Nb6 29. Rxa8 Nxa8 30. Qe3 Qg5 31. Qxa7 Rg8 32. Rg1 Nc7 33. Qxb7 Nd5 34. Nxd5 cxd5 35. Qb6 Bf7 36. Qf2 f4 37. Bd1 Ng3+ 38. Bxg3 Qxg3 39. Rf1 Rg7 40. Qxg3 fxg3 41. Rf6 h5 42. Kg1 Kg8 43. h4 Kf8 44. Bxh5 Ke7 45. Rxf7+ Rxf7 46. Bxf7 Kxf7 47. Kf1 1-0

[Event "17th Senior WCh"]
[Site "Gmunden AUT"]
[Date "2007.09.17"]
[Round "1"]
[White "Onat, I."]
[Black "Proksch, G."]
[Result "1/2-1/2"]
[WhiteElo "2355"]
[BlackElo "2065"]
[PlyCount "58"]
[EventDate "2007.09.17"]
[Source "www.chesslib.no"]
[SourceDate "2004.05.04"]

1. d4 d5 2. c4 Nf6 3. cxd5 Nxd5 4. Nf3 c6 5. e4 Nb6 6. h3 e6 7. Nc3 Be7 8. Be3 N8d7 9. Be2 O-O 10. O-O c5 11. Qd2 cxd4 12. Bxd4 e5 13. Bxe5 Nxe5 14. Qe3 Nxf3+ 15. Bxf3 Nc4 16. Qe2 Ne5 17. Rfd1 Nxf3+ 18. Qxf3 Qa5 19. Nd5 Bd8 20. Nf4 Be6 21. Nd5 Rc8 22. a3 Bxd5 23. Rxd5 Qb6 24. Qe2 Rc5 25. Rad1 Rxd5 26. exd5 Bc7 27. b4 Bb8 28. Qd3 Bg3 29. Qxg3 h6 1/2-1/2

[Event "Rabac Cup"]
[Site "?"]
[Date "2004.??.??"]
[Round "1.7"]
[White "Martic Zlatko"]
[Black "Trtanj Zoran"]
[Result "1-0"]
[WhiteElo "2288"]
[BlackElo "2121"]
[PlyCount "41"]
[EventDate "2004.??.??"]
[Source "www.chesslib.no"]
[SourceDate "2004.05.04"]

1. d4 d5 2. c4 Nf6 3. cxd5 Qxd5 4. Nc3 Qa5 5. Bd2 e6 6. e4 Bb4 7. Nf3 O-O 8. a3 Bxc3 9. Bxc3 Qh5 10. Qc2 c6 11. Be2 Qg6 12. Bd3 Qxg2 13. Ke2 Ng4 14. Raf1 f5 15. h3 fxe4 16. Bxe4 b6 17. hxg4 Ba6+ 18. Ke3 Bxf1 19. Ne5 Bd3 20. Kxd3 Qxf2 21. Bxh7+ 1-0

[Event "Nice ol (Men)"]
[Site "Nice FRA"]
[Date "1974.??.??"]
[Round "1"]
[White "Thompson, Cedric"]
[Black "Reussner, W."]
[Result "1-0"]
[WhiteElo "2200"]
[BlackElo "2200"]
[PlyCount "57"]
[EventDate "1974.06.06"]
[Source "www.chesslib.no"]
[SourceDate "2004.05.04"]

1. d4 d5 2. c4 Nf6 3. cxd5 Nxd5 4. e4 Nb4 5. Qa4+ N8c6 6. d5 Nxd5 7. exd5 Qxd5 8. Nc3 Qd6 9. Nf3 Bd7 10. Nb5 Qb4+ 11. Qxb4 Nxb4 12. Nxc7+ Kd8 13. Nxa8 Nc2+ 14. Kd1 Nxa1 15. Ne5 Be6 16. Bc4 Bxc4 17. Nxc4 f6 18. Be3 b6 19. Kd2 Kc8 20. Rxa1 Kb7 21. Naxb6 axb6 22. Nxb6 e5 23. a4 Bb4+ 24. Ke2 Rd8 25. Rd1 Bd6 26. Nc4 Kc6 27. Rxd6+ Rxd6 28. Nxd6 Kxd6 29. b4 1-0

[Event "Mancha Real op"]
[Site "Mancha Real"]
[Date "2001.08.07"]
[Round "9"]
[White "Sanchez Jimenez, Juan"]
[Black "Angeles Cano, Manuel"]
[Result "1-0"]
[WhiteElo "2258"]
[BlackElo "2122"]
[PlyCount "23"]
[EventDate "2001.07.30"]
[Source "www.chesslib.no"]
[SourceDate "2004.05.04"]

1. d4 d5 2. c4 Nf6 3. cxd5 Nxd5 4. Nf3 e6 5. e4 Nf6 6. Nc3 c5 7. d5 exd5 8. e5 d4 9. Bc4 Be6 10. Bxe6 fxe6 11. exf6 dxc3 12. f7+ 1-0

[Event "HUN-chT3"]
[Site "Hungary"]
[Date "1997.??.??"]
[Round "?"]
[White "Lajdi, I."]
[Black "Linczer, Janos"]
[Result "0-1"]
[WhiteElo "2130"]
[BlackElo "2250"]
[PlyCount "98"]
[EventDate "1997.??.??"]
[Source "www.chesslib.no"]
[SourceDate "2004.05.04"]

1. d4 d5 2. c4 Nf6 3. cxd5 Nxd5 4. e4 Nb6 5. Nc3 e6 6. Nf3 Be7 7. Bd3 O-O 8. O-O N8d7 9. Bf4 c5 10. Nb5 a6 11. Bc7 Qe8 12. Nd6 Bxd6 13. Bxd6 cxd4 14. Nxd4 Qd8 15. Bxf8 Nxf8 16. Nf3 Ng6 17. Re1 e5 18. Be2 Qf6 19. Rc1 Bg4 20. Qb3 Nf4 21. Bd1 Re8 22. Rc7 Qg6 23. Nh4 Bxd1 24. Nxg6 Bxb3 25. Ne7+ Kf8 26. Rxb7 Bxa2 27. Rxb6 Kxe7 28. Rxa6 Bc4 29. Ra7+ Kf8 30. g3 Ne2+ 31. Kg2 Nd4 32. Rea1 Bd3 33. f3 Be2 34. R1a3 Nb5 35. Ra8 Nxa3 36. Rxa3 Rb8 37. Ra5 f6 38. f4 exf4 39. gxf4 Rxb2 40. Ra8+ Kf7 41. Ra7+ Kg6 42. f5+ Kh6 43. Kg3 Rb3+ 44. Kf2 Bd3 45. Ke3 Bb1+ 46. Kf4 Rb4 47. Re7 Rxe4+ 48. Rxe4 Bxe4 49. Kxe4 Kg5 0-1

[Event "FIN-chT 0102"]
[Site "?"]
[Date "2002.01.19"]
[Round "6"]
[White "Kanko Ilkka"]
[Black "Tuominen Mauri"]
[Result "1-0"]
[WhiteElo "2231"]
[BlackElo "2138"]
[PlyCount "75"]
[EventDate "2002.??.??"]
[Source "www.chesslib.no"]
[SourceDate "2004.05.04"]

1. d4 d5 2. c4 Nf6 3. cxd5 Qxd5 4. Nc3 Qa5 5. Nf3 e6 6. g3 c6 7. Bg2 Nbd7 8. O-O Be7 9. e4 O-O 10. Bf4 Rd8 11. Qc2 Nf8 12. Rad1 Ng6 13. Bg5 h6 14. Bd2 Qh5 15. e5 Nd5 16. h3 Nf8 17. Nh2 Nb4 18. Qe4 Qg6 19. a3 Nd3 20. Qe2 Nxb2 21. Rb1 Bxa3 22. Bc1 Na4 23. Nxa4 Qxb1 24. Bxa3 Qb3 25. Bxf8 Kxf8 26. Nc5 Qc3 27. Nf3 a5 28. Ne4 Qb4 29. g4 a4 30. g5 h5 31. g6 Qe7 32. gxf7 Qxf7 33. Qe3 Kg8 34. Neg5 Qg6 35. Nh4 Qh6 36. Be4 Rf8 37. Bh7+ Kh8 38. Ng6+ 1-0

[Event "Athens VAR"]
[Site "Athens GRE"]
[Date "1994.??.??"]
[Round "?"]
[White "Rama, Lorenc"]
[Black "Kasioura, Froso"]
[Result "1-0"]
[WhiteElo "2345"]
[BlackElo "2015"]
[PlyCount "79"]
[EventDate "1994.??.??"]
[Source "www.chesslib.no"]
[SourceDate "2004.05.04"]

1. d4 d5 2. c4 Nf6 3. cxd5 Qxd5 4. Nc3 Qa5 5. e3 e6 6. Bd3 c5 7. Nf3 Nc6 8. O-O cxd4 9. exd4 Bd6 10. Nb5 Bb8 11. Bd2 Qd8 12. Bg5 h6 13. Bh4 a6 14. Nc3 g5 15. Bg3 Rg8 16. Bxb8 Rxb8 17. Ne4 Nd5 18. Ne5 g4 19. Nxc6 bxc6 20. Qc1 f5 21. Qxc6+ Bd7 22. Nd6+ Kf8 23. Qc5 Qe7 24. Nc4 Nf6 25. b3 Bb5 26. Rfe1 Qxc5 27. dxc5 Rd8 28. Rad1 Ke7 29. Ne5 Rd5 30. Bxb5 axb5 31. Rxd5 Nxd5 32. Nc6+ Kf6 33. Nd4 e5 34. Nxb5 Nb4 35. Rc1 Nxa2 36. Rc4 Rd8 37. Kf1 f4 38. c6 f3 39. gxf3 gxf3 40. Ke1 1-0

[Event "Besancon Kasparov sim"]
[Site "Besancon"]
[Date "1999.08.23"]
[Round "?"]
[White "Kasparov, G."]
[Black "Michaud, Louis"]
[Result "1-0"]
[WhiteElo "2841"]
[BlackElo "1500"]
[PlyCount "43"]
[EventDate "1999.08.02"]
[Source "www.chesslib.no"]
[SourceDate "2004.05.04"]

1. d4 d5 2. c4 Nf6 3. cxd5 Nxd5 4. Nf3 e6 5. e4 Ne7 6. Nc3 Ng6 7. Bd3 Be7 8. O-O O-O 9. Re1 c6 10. Bc2 Nd7 11. e5 Nb6 12. Ne4 Nh4 13. Nxh4 Bxh4 14. Re3 Nd5 15. Rh3 f5 16. exf6 Bxf6 17. Qh5 Bxd4 18. Bg5 Nf6 19. Nxf6+ Bxf6 20. Bxh7+ Kh8 21. Bg6+ Kg8 22. Qh8# 1-0

[Event "Festival 2008 - Open A"]
[Site "Cesenatico ITA"]
[Date "2008.08.31"]
[Round "2.16"]
[White "Lain, Luigi"]
[Black "Novotny, Michal"]
[Result "1-0"]
[WhiteElo "2252"]
[BlackElo "2080"]
[PlyCount "57"]
[EventDate "2008.08.31"]
[Source "www.chesslib.no"]
[SourceDate "2004.05.04"]

1. d4 d5 2. c4 Nf6 3. cxd5 Nxd5 4. e4 Nf6 5. Nc3 e6 6. Bc4 Nc6 7. Nge2 Be7 8. O-O a6 9. e5 Nd5 10. Nxd5 exd5 11. Bd3 Bg4 12. Be3 Bg5 13. f4 Bh6 14. Qb3 Rb8 15. Nc3 Ne7 16. Rae1 c5 17. dxc5 d4 18. Ne4 Be6 19. Qa4+ Kf8 20. Bxd4 Bxa2 21. Nd6 Bd5 22. Bc4 b5 23. cxb6 Rxb6 24. Bxd5 Rxd6 25. exd6 Qxd6 26. Bb3 Nc6 27. Re4 f5 28. Qc4 Nd8 29. Bc5 1-0

[Event "Tatry Open"]
[Site "?"]
[Date "2004.09.27"]
[Round "4"]
[White "Obona Jan"]
[Black "Hebelka Milos"]
[Result "1-0"]
[WhiteElo "2241"]
[BlackElo "2077"]
[PlyCount "61"]
[EventDate "2004.??.??"]
[Source "www.chesslib.no"]
[SourceDate "2004.05.04"]

1. d4 d5 2. c4 Nf6 3. Nc3 dxc4 4. e4 e5 5. Nf3 exd4 6. Qxd4 Qxd4 7. Nxd4 Bb4 8. f3 O-O 9. Bxc4 a6 10. Nc2 Bd6 11. a4 Nc6 12. O-O Re8 13. Be3 Ne5 14. Be2 Ng6 15. g3 Bd7 16. Rfd1 Rad8 17. Bf2 Bc8 18. Ne3 Be6 19. Nc4 Bb4 20. Kg2 Nh5 21. Be3 f5 22. exf5 Bxf5 23. Nd5 Bd6 24. Nxd6 Rxd6 25. Kf2 Nf6 26. Nxc7 Red8 27. Rxd6 Rxd6 28. Rd1 Rc6 29. Nd5 Ne5 30. Ne7+ Kf7 31. Nxf5 1-0

[Event "Frankfurt-ch"]
[Site "Frankfurt"]
[Date "2000.06.05"]
[Round "5"]
[White "Petri, Klaus"]
[Black "Raetsch, Kurt"]
[Result "1-0"]
[WhiteElo "2192"]
[BlackElo "2120"]
[PlyCount "65"]
[EventDate "2000.05.08"]
[Source "www.chesslib.no"]
[SourceDate "2004.05.04"]

1. d4 d5 2. c4 Nf6 3. cxd5 Nxd5 4. e4 Nf6 5. Nc3 e6 6. Be3 Bb4 7. f3 Bxc3+ 8. bxc3 h6 9. Bd3 O-O 10. Ne2 Qe7 11. g4 e5 12. Qd2 exd4 13. cxd4 Re8 14. g5 Nd5 15. gxh6 Nxe3 16. Qxe3 Qh4+ 17. Ng3 Qxh6 18. Qxh6 gxh6 19. Rc1 Nc6 20. Bb5 Be6 21. Bxc6 bxc6 22. Rxc6 Bxa2 23. Kf2 Rab8 24. Rxc7 Rb2+ 25. Ke3 a5 26. Nf5 Kh7 27. Ra7 Rb5 28. Nd6 Rb3+ 29. Kf4 Re6 30. Rxf7+ Kh8 31. Nf5 Re8 32. Rf6 Rb7 33. Ra1 1-0

[Event "Cup Felix (open)"]
[Site "Felix Spa (Romania)"]
[Date "2007.05.27"]
[Round "4"]
[White "Olarasu Gabriela (ROM)"]
[Black "Szallos N"]
[Result "1-0"]
[WhiteElo "2274"]
[BlackElo "2029"]
[PlyCount "27"]
[EventDate "2007.??.??"]
[Source "www.chesslib.no"]
[SourceDate "2004.05.04"]

1. d4 d5 2. c4 Nf6 3. cxd5 Nxd5 4. e4 Nf6 5. Nc3 e6 6. Nf3 Bb4 7. Qa4+ Nc6 8. Bb5 Bd7 9. Qc2 Qe7 10. O-O O-O 11. e5 Nd5 12. Ng5 f5 13. Nxd5 exd5 14. Qb3 1-0

[Event "North Island-ch"]
[Site "?"]
[Date "1998.??.??"]
[Round "7"]
[White "Noble Mark Frederick"]
[Black "Cooper David"]
[Result "1-0"]
[WhiteElo "2240"]
[BlackElo "2055"]
[PlyCount "27"]
[EventDate "1998.??.??"]
[Source "www.chesslib.no"]
[SourceDate "2004.05.04"]

1. d4 d5 2. c4 Nf6 3. cxd5 Nxd5 4. e4 Nb6 5. Be3 g6 6. Nc3 Bg7 7. h3 c6 8. Nf3 Be6 9. Ng5 Bc4 10. Bxc4 Nxc4 11. Qb3 b5 12. Nxb5 O-O 13. Qxc4 cxb5 14. Qxb5 1-0

[Event "It (open) (b)"]
[Site "Zupanja (Croatia)"]
[Date "2008.01.03"]
[Round "1"]
[White "Martic Zlatko (CRO)"]
[Black "Mrgan Franjo (CRO)"]
[Result "1-0"]
[WhiteElo "2293"]
[BlackElo "1993"]
[PlyCount "41"]
[EventDate "2008.??.??"]
[Source "www.chesslib.no"]
[SourceDate "2004.05.04"]

1. d4 d5 2. c4 Nf6 3. cxd5 Qxd5 4. Nc3 Qa5 5. Nf3 e6 6. Bd2 Nbd7 7. e4 Bb4 8. Bd3 c5 9. a3 Bxc3 10. Bxc3 Qd8 11. O-O b6 12. Qe2 Bb7 13. dxc5 bxc5 14. Bb5 O-O 15. Rad1 Qc7 16. Nd2 a6 17. Bxd7 Nxd7 18. Nc4 Bc6 19. Qg4 g6 20. Qh4 Bb5 21. Rxd7 1-0

[Event "Ch Netherlands (juniors)"]
[Site "Nijmegen NED"]
[Date "1992.??.??"]
[Round "?"]
[White "Leenhouts, Koen"]
[Black "Swathi, Ghate"]
[Result "1/2-1/2"]
[WhiteElo "2118"]
[BlackElo "2165"]
[PlyCount "52"]
[EventDate "1992.??.??"]
[Source "www.chesslib.no"]
[SourceDate "2004.05.04"]

1. d4 d5 2. c4 Nf6 3. Nf3 Bf5 4. Bg5 e6 5. e3 Be7 6. Be2 Nbd7 7. Nc3 Nb6 8. cxd5 exd5 9. O-O O-O 10. Qd2 h6 11. Bf4 a6 12. Rac1 Rc8 13. a3 Re8 14. Rfe1 Bd6 15. Bxd6 Qxd6 16. Bd3 Bxd3 17. Qxd3 Re7 18. Re2 Rce8 19. Rce1 Nc4 20. e4 dxe4 21. Nxe4 Nxe4 22. Qxc4 Nf6 23. Rxe7 Rxe7 24. Rxe7 Qxe7 25. h3 Qd6 26. Qb3 b5 1/2-1/2

[Event "Szekszard op"]
[Site "Szekszard"]
[Date "1997.??.??"]
[Round "5"]
[White "Kovacs, Ferenc"]
[Black "Horvath, Zoltan2"]
[Result "1/2-1/2"]
[WhiteElo "2150"]
[BlackElo "2130"]
[PlyCount "66"]
[EventDate "1997.??.??"]
[Source "www.chesslib.no"]
[SourceDate "2004.05.04"]

1. d4 d5 2. c4 Nf6 3. Nc3 Bf5 4. Bf4 a6 5. e3 e6 6. Qb3 Qc8 7. cxd5 Be7 8. dxe6 fxe6 9. Nf3 O-O 10. Bc4 c6 11. Ng5 Nd5 12. Nxd5 cxd5 13. Bd3 Bxg5 14. Bxg5 Qd7 15. Bf4 Nc6 16. O-O Nxd4 17. exd4 Bxd3 18. Qxd3 Rxf4 19. Rae1 Re8 20. Re5 Qa4 21. Qe3 Qxd4 22. Rxe6 Qxe3 23. Rxe3 Rxe3 24. fxe3 Rxf1+ 25. Kxf1 Kf7 26. Ke2 Ke6 27. Kd3 Ke5 28. g3 h6 29. h3 g6 30. b3 a5 31. a3 b5 32. g4 g5 33. Kd2 d4 1/2-1/2

[Event "TCh-ESP Premier North"]
[Site "?"]
[Date "2005.08.12"]
[Round "2"]
[White "Garcia Garcia Jose Luis"]
[Black "Iglesias Ojeda Fernando"]
[Result "1-0"]
[WhiteElo "2219"]
[BlackElo "2041"]
[PlyCount "61"]
[EventDate "2005.??.??"]
[Source "www.chesslib.no"]
[SourceDate "2004.05.04"]

1. d4 d5 2. c4 Nf6 3. Nc3 Nbd7 4. Nf3 e5 5. g3 Be7 6. Bg2 c6 7. e4 Qc7 8. O-O O-O 9. h3 Re8 10. Be3 Nf8 11. Qc2 Ng6 12. Rac1 Bd7 13. Rfd1 h5 14. Qd2 Rad8 15. a3 b6 16. b4 Qc8 17. Kh2 h4 18. Nxh4 Nxh4 19. gxh4 Nh5 20. Rg1 Bxh4 21. Bf3 Nf4 22. Bxf4 exf4 23. Bg4 Bf6 24. f3 g6 25. Ne2 Bxg4 26. Rxg4 Kg7 27. Qxf4 Qe6 28. Kg2 Rh8 29. Ng3 Rh7 30. exd5 cxd5 31. cxd5 1-0

[Event "SVK Ch"]
[Site "Trencin"]
[Date "1995.??.??"]
[Round "7"]
[White "Orsagova, Silvie"]
[Black "Kovacova, Zuzana"]
[Result "0-1"]
[WhiteElo "2235"]
[BlackElo "2020"]
[PlyCount "58"]
[EventDate "1995.??.??"]
[Source "www.chesslib.no"]
[SourceDate "2004.05.04"]

1. d4 d5 2. c4 Nf6 3. cxd5 Nxd5 4. e4 Nf6 5. Nc3 e6 6. Bg5 Be7 7. Nf3 O-O 8. Rc1 Nbd7 9. e5 Nd5 10. Nxd5 Bxg5 11. Nxg5 exd5 12. h4 c5 13. Qh5 h6 14. Bd3 cxd4 15. f4 Qa5+ 16. Kd1 Nc5 17. Rxc5 Qxc5 18. e6 Bxe6 19. Nxe6 fxe6 20. Qg6 Rf6 21. Qh7+ Kf7 22. h5 Qf8 23. Bc2 Rxf4 24. Re1 Rf6 25. Qd3 Qb4 26. Qe2 Rc8 27. Bg6+ Ke7 28. Rf1 Qc4 29. Qxc4 dxc4 0-1

[Event "HUN-chT2 9900"]
[Site "?"]
[Date "1999.11.14"]
[Round "4"]
[White "Kecskes Gabor"]
[Black "Sandor Attila"]
[Result "1/2-1/2"]
[WhiteElo "2148"]
[BlackElo "2105"]
[PlyCount "82"]
[EventDate "1999.??.??"]
[Source "www.chesslib.no"]
[SourceDate "2004.05.04"]

1. d4 d5 2. c4 Nf6 3. cxd5 Nxd5 4. e4 Nf6 5. Nc3 e5 6. d5 a6 7. Be2 Bd6 8. Nf3 Bg4 9. Nd2 Bxe2 10. Qxe2 O-O 11. O-O Re8 12. Rd1 Nbd7 13. Nc4 Nf8 14. Rb1 Ng6 15. b4 b6 16. b5 a5 17. g3 Rc8 18. Ba3 Bxa3 19. Nxa3 Qe7 20. Nc4 Red8 21. d6 cxd6 22. Na4 Nf8 23. Naxb6 Rb8 24. Nd5 Nxd5 25. Rxd5 Ne6 26. Nxa5 Rdc8 27. Qd1 Nd4 28. Rxd4 exd4 29. Nc6 Qxe4 30. Nxb8 Rxb8 31. a4 d3 32. Rb2 h5 33. a5 h4 34. gxh4 Qg6+ 35. Kf1 Qe4 36. Kg1 Qg6+ 37. Kf1 Qe4 38. f3 Qe5 39. Rd2 Qxb5 40. Rxd3 Qxa5 41. Rxd6 Re8 1/2-1/2